000 00927nam a2200217 a 4500
008 120416s1983 ||||||||||||||||| || u
020 _a0256027889
050 _aHF 5681.B2 Bel
100 _aBelcher, Finley E
245 1 0 _aBusiness combinations consolidated financial statements
260 _aHomewood, Ill.
_bRichard D. Irwin
_c1983
300 _axi, 378p. : ill
350 _a0.00
490 _aThe Willard J. Graham series in accounting
500 _aBibliography
650 0 _aACCOUNTING--HANDBOOKS, MANUALS, ETC
650 _aFinancial statements, Consolidated
700 _aStickney, Clyde P
995 _aANNEX COLLECTION (Main Library)
_D0.00
_e709577
_FCBU-MAIN LIBRARY (Kitwe)
_H1
_I20.00
_jHF 5681.B2 Bel
_M1
_UAVAILABLE
_y006821
_ZAnnex Low-Usage Collection
995 _aBINDERY (DAMAGED)
_D0.00
_e709578
_FCBU-MAIN LIBRARY (Kitwe)
_H2
_I20.00
_jHF 5681.B2 Bel
_M2
_UDAMAGED
_y006822
_ZMain Library Open Access Collection
999 _c77872
_d77872